00409nam a2200157Ia 4500003000400000008004100004040001600045082001800061100002200079245004100101260005100142300000800193650001000201650002000211650002000231GCL140319s9999 xx 000 0 eng d aGCL / cGCL04a745.5941bE I1 aATTER, ROBERT A B10aTOKENS OF LOVE / cATTER, ROBERT A B a[S.N] : bABBEVILLE PRESS PUBLISHERS ، c1990 a13204aCARDS04aDECORATIVE ARTS04aLOVE - FOLKLORE